<?xml version="1.0" encoding="UTF-8"?>
<record
    xmlns:xsi="http://www.w3.org/2001/XMLSchema-instance"
    xsi:schemaLocation="http://www.loc.gov/MARC21/slim http://www.loc.gov/standards/marcxml/schema/MARC21slim.xsd"
    xmlns="http://www.loc.gov/MARC21/slim">

  <leader>01315cam a22002771  4500</leader>
  <controlfield tag="001">gs 18000406 </controlfield>
  <controlfield tag="003">DLC</controlfield>
  <controlfield tag="005">20260227111323.0</controlfield>
  <controlfield tag="008">920519s1918    ag            000 0 spa c</controlfield>
  <datafield tag="010" ind1=" " ind2=" ">
    <subfield code="a">gs 18000406 </subfield>
  </datafield>
  <datafield tag="035" ind1=" " ind2=" ">
    <subfield code="a">(OCoLC)25841152</subfield>
  </datafield>
  <datafield tag="040" ind1=" " ind2=" ">
    <subfield code="a">Library, U.S. Geological Survey</subfield>
    <subfield code="c">CSt</subfield>
    <subfield code="d">CSt</subfield>
    <subfield code="d">DLC</subfield>
  </datafield>
  <datafield tag="042" ind1=" " ind2=" ">
    <subfield code="a">premarc</subfield>
  </datafield>
  <datafield tag="043" ind1=" " ind2=" ">
    <subfield code="a">s-ag---</subfield>
  </datafield>
  <datafield tag="050" ind1="0" ind2="0">
    <subfield code="a">TN36</subfield>
    <subfield code="b">.A55 no. 10</subfield>
  </datafield>
  <datafield tag="051" ind1=" " ind2=" ">
    <subfield code="a">KHA3929</subfield>
    <subfield code="b">.M668 1918</subfield>
  </datafield>
  <datafield tag="100" ind1="1" ind2=" ">
    <subfield code="a">Montes de Oca, Juan R.</subfield>
  </datafield>
  <datafield tag="245" ind1="1" ind2="0">
    <subfield code="a">Resumen cronol&#xF3;gico de leyes, decretos y resoluciones referentes a materia minera y a asuntos que se relacionan con las funciones de la Direcci&#xF3;n general,</subfield>
    <subfield code="c">por Juan R. Montes de Oca ... Antecedentes legislativos y organizaci&#xF3;n del Ramo de minas en la Rep&#xFA;blica, por el Ing. Carlos E. Velarde ...</subfield>
  </datafield>
  <datafield tag="260" ind1=" " ind2=" ">
    <subfield code="a">Buenos Aires,</subfield>
    <subfield code="b">Talleres gr&#xE1;ficos del Ministerio de agricultura de la naci&#xF3;n,</subfield>
    <subfield code="c">1918.</subfield>
  </datafield>
  <datafield tag="300" ind1=" " ind2=" ">
    <subfield code="a">98 p., 1 l.</subfield>
    <subfield code="c">27 cm.</subfield>
  </datafield>
  <datafield tag="490" ind1="0" ind2=" ">
    <subfield code="a">Argentine Republic. Direcci&#xF3;n general de minas, geolog&#xED;a e hidrolog&#xED;a. Bolet&#xED;n</subfield>
    <subfield code="v">no. 10. Serie A (Minas)</subfield>
  </datafield>
  <datafield tag="650" ind1=" " ind2="0">
    <subfield code="a">Mining law</subfield>
    <subfield code="z">Argentina.</subfield>
  </datafield>
  <datafield tag="610" ind1="1" ind2="0">
    <subfield code="a">Argentina.</subfield>
    <subfield code="b">Direcci&#xF3;n General de Minas y Geolog&#xED;a.</subfield>
  </datafield>
  <datafield tag="650" ind1=" " ind2="0">
    <subfield code="a">Mines and mineral resources</subfield>
    <subfield code="z">Argentina.</subfield>
  </datafield>
  <datafield tag="700" ind1="1" ind2="2">
    <subfield code="a">Velarde, Carlos E.</subfield>
    <subfield code="t">Antecedentes legislativos y organizaci&#xF3;n del Ramo de minas en la Rep&#xFA;blica.</subfield>
  </datafield>
  <datafield tag="999" ind1=" " ind2=" ">
    <subfield code="c">25886</subfield>
    <subfield code="d">25886</subfield>
  </datafield>
</record>
